|
|
|
|
| LEADER |
01341nam a22003492i 4500 |
| 001 |
001864172 |
| 003 |
CZ BrMZK |
| 005 |
20230630145010.0 |
| 007 |
ta |
| 008 |
230630s1980 xr er|||||||||||cze d |
| 015 |
|
|
|a cnb000395553
|
| 020 |
|
|
|q (Brožováno)
|
| 035 |
|
|
|a (OCoLC)40090610
|
| 040 |
|
|
|a ABA001
|b cze
|c ABA001
|d BOA001
|e rda
|d ABA001
|
| 080 |
9 |
|
|a 796.92:37.02(075.8)
|2 undef
|
| 100 |
1 |
|
|a Chovanec, Felix,
|d 1926-
|7 jk01050326
|4 aut
|
| 245 |
1 |
0 |
|a Didaktika školního lyžování /
|c Felix Chovanec a kolektiv
|
| 250 |
|
|
|a Druhé, přepracované a doplěné vydání
|
| 264 |
|
1 |
|a Praha :
|b Státní pedagogické nakladatelství,
|c 1980
|
| 300 |
|
|
|a 203 stran ;
|c 29 cm
|
| 336 |
|
|
|a text
|b txt
|2 rdacontent
|
| 337 |
|
|
|a bez média
|b n
|2 rdamedia
|
| 338 |
|
|
|a svazek
|b nc
|2 rdacarrier
|
| 500 |
|
|
|a 500 výtisků
|
| 504 |
|
|
|a Obsahuje bibliografie
|
| 521 |
8 |
|
|a Určeno pro posluchače fakulty tělesné výchovy a sportu, 2. ročník denního studia
|
| 550 |
|
|
|a Vydavatel: Univerzita Karlova
|
| 710 |
2 |
|
|a Univerzita Karlova
|7 kn20010710036
|
| 856 |
4 |
1 |
|u http://www.digitalniknihovna.cz/mzk/uuid/uuid:ce9a3a00-4834-11e3-9c86-005056827e51
|y Digitalizovaný dokument
|x NDK
|
| 910 |
|
|
|a BOA001
|b 4-0709.963-80
|
| 990 |
|
|
|a BK
|
| 996 |
6 |
|
|b 2618747996
|c 4-0709.963-80
|l MZK
|r Sklad / do 1 hodiny
|n 0
|w 001931246
|u 000010
|a 1
|e BOA001
|j MZK50
|s P
|